Contido e vestimenta : imaxes de arquivos : catálogo da exposición xuño-novembro de 2006 / fotografías de Marta Nogueira imaxes de arquivos :
Descripción Física:
122 p. : il. col ; 22 cm
Materias:
Nogueira, Marta -- Exposicions
MARC
| LEADER | 00000nam a2200000Ia 4500 | ||
|---|---|---|---|
| 001 | 18442 | ||
| 008 | 160829s2006 xx 000 0 cat d | ||
| 080 | |a B-2-97 | ||
| 100 | |a Nogueira, Marta |9 23461 | ||
| 245 | |a Contido e vestimenta : |b imaxes de arquivos : |b catálogo da exposición xuño-novembro de 2006 / fotografías de Marta Nogueira | ||
| 260 | |a Santiago de Compostela : |b Xunta de Galicia. Dirección Xeral de Patrimonio Cultural, |c 2006 | ||
| 300 | |a 122 p. : |b il. col ; |c 22 cm | ||
| 590 | |a Text en gallec, castellà i anglès. | ||
| 590 | |a Catàleg de l'exposició Contenido y vestimenta. Imágenes de archivos. | ||
| 590 | |a A la portada: Arquivo do Reino de Galicia, Arquivo Histórico Provincial de Lugo | ||
| 650 | |a Nogueira, Marta |x Exposicions |9 23462 | ||
| 710 | 1 | |a Galícia. |b Dirección Xeral do Patrimonio Cultural |9 55413 | |
| 901 | |a Arxiu | ||
| 942 | |n 1 | ||
| 952 | |0 0 |1 0 |4 0 |6 B297 |7 1 |9 42715 |a Arxiu |b Arxiu |d 2016-12-01 |l 0 |o B-2-97 |p 18442 |r 2016-12-01 00:00:00 |w 2016-12-01 |y ARXIU | ||
| 999 | |c 45221 |d 45221 | ||